Southeast asia : on a shoestring : (Record no. 6522)

MARC details
000 -LEADER
fixed length control field 03144nam a22003017a 4500
001 - CONTROL NUMBER
control field 6522
003 - CONTROL NUMBER IDENTIFIER
control field FISKH
005 - DATE AND TIME OF LATEST TRANSACTION
control field 20250508110906.0
008 - FIXED-LENGTH DATA ELEMENTS--GENERAL INFORMATION
fixed length control field 250508b cb ||||| |||| 00| 0 eng d
020 ## - INTERNATIONAL STANDARD BOOK NUMBER
International Standard Book Number 9781741047264
040 ## - CATALOGING SOURCE
Original cataloging agency FISKH
Language of cataloging eng
Transcribing agency FISKH
Modifying agency FISKH
050 ## - LIBRARY OF CONGRESS CALL NUMBER
Classification number DS520.9 .S68
082 ## - DEWEY DECIMAL CLASSIFICATION NUMBER
Classification number 915.90454
100 ## - MAIN ENTRY--PERSONAL NAME
Personal name Williams, China
245 ## - TITLE STATEMENT
Title Southeast asia : on a shoestring :
Remainder of title Big trips on small budgets /
Statement of responsibility, etc. By China William, Greg Bloom ,Celeste Brash and Mohamad Cohen
260 ## - PUBLICATION, DISTRIBUTION, ETC.
Place of publication, distribution, etc. Fort Mill :
Name of publisher, distributor, etc. Lonely Planet ,
Date of publication, distribution, etc. 2008.
300 ## - PHYSICAL DESCRIPTION
Extent 988 pages :
Other physical details color illustrations, maps ;
Dimensions 20 cm .
490 ## - SERIES STATEMENT
Series statement Lonely Planet
505 ## - FORMATTED CONTENTS NOTE
Formatted contents note Z <br/>
520 ## - SUMMARY, ETC.
Summary, etc. Lonely Planet: The world's number one travel guide publisher* Lonely Planet's Southeast Asia on a Shoestring is your passport to having big experiences on a small budget, offering the most relevant, up-to-date advice on what to see and skip, what hidden discoveries await you and how to optimise your budget for an extended continental trip. Watch the sun rise over Cambodia's temples of Angkor; hang out, hit the beach and learn to cook in Vietnam's cosmopolitan, buzzing Hoi An; and kayak around the turquoise waters of Laos' Si Phan Don. All with your trusted travel companion. Inside Lonely Planet's Southeast Asia on a Shoestring: - Budget-oriented recommendations with honest reviews - eating, sleeping, sightseeing, going out, hidden gems that most guidebooks miss - Extensive planning tools and budget calculators - Highlights and itineraries help you tailor your trip to your personal needs and interests - Insider tips to save time and money and get around like a local, avoiding crowds and trouble spots - Essential info at your fingertips - hours of operation, phone numbers, websites, transit tips, prices - Cultural insights provide a richer, more rewarding travel experience - covering history, art, literature, cinema, landscapes - Colour maps and images throughout - Covers Brunei, Cambodia, Indonesia, Laos, Malaysia, Myanmar, Philippines, Thailand, Timor-Leste, Singapore, Vietnam - Useful features: First Time Southeast Asia, Big Adventures Small Budget, Off the Beaten Track, Border Crossing, Splurge, and Responsible Travel eBook Features: (Best viewed on tablet devices and smartphones) - Downloadable PDF and offline maps prevent roaming and data charges - Effortlessly navigate and jump between maps and reviews - Add notes to personalise your guidebook experience - Seamlessly flip between pages - Bookmarks and speedy search capabilities get you to key pages in a flash - Embedded links to recommendations' websites - Zoom-in maps and images - Inbuilt dictionary for quick referencing The Perfect Choice: Lonely Planet's Southeast Asia on a shoestringis perfect for budget- and value-conscious travellers taking a big trip, and is packed with amazing sights and experiences, savvy tips and recommendations.
521 8# - TARGET AUDIENCE NOTE
Target audience note 1000 <br/>
Source Lexile <br/>
521 8# - TARGET AUDIENCE NOTE
Target audience note Z <br/>
Source Raz-Plus <br/>
650 ## - SUBJECT ADDED ENTRY--TOPICAL TERM
Topical term or geographic name entry element Lonely planet
Form subdivision Non-fiction
650 ## - SUBJECT ADDED ENTRY--TOPICAL TERM
Topical term or geographic name entry element Southeast Asia
Form subdivision Non-fiction
700 ## - ADDED ENTRY--PERSONAL NAME
Personal name Eldridge, Dan
Relator term Illustrator
942 ## - ADDED ENTRY ELEMENTS (KOHA)
Source of classification or shelving scheme Dewey Decimal Classification
Koha item type Books
Suppress in OPAC No
Holdings
Withdrawn status Lost status Source of classification or shelving scheme Damaged status Not for loan Collection Home library Current library Shelving location Date acquired Total Checkouts Full call number Barcode Date last seen Price effective from Koha item type
    Dewey Decimal Classification     Non-Fiction Footprints International School Library Network Toul Tom Poung Campus Footprints International School Library Network Toul Tom Poung Campus TTP Secondary Non-Fiction Bookshelves 05/08/2025   WIL 915.90454 DS520.9 .S68 2025-1206 05/08/2025 05/08/2025 Books